Proyecto de decreto, que contiene las bases, ó, Principios fundamentales de la Constitucion Política del Perú

Detalles Bibliográficos
Formato: Libro
Lenguaje:Spanish
Publicado: Mexico : impreso en Guadalajara y reimpreso en la imprenta del Supremo Gobierno, 1823.
Materias:
Colección:Banco de datos
Acervo:Fondo Bibliográfico Antiguo Víctor Manuel Castillo de la Universidad de Ciencias y Artes de Chiapas
Descripción Física:4 p. ; 4°
Tema general:Política
Notas:Texto a renglón seguido. Colofón: Mexico: 1823. Impreso en Guadalajara y reimpreso en la imprenta del Supremo Gobierno. Incluye cabecera de título en grabado xilográfico. Incluye capitular en grabado xilográfico. Características de pliego suelto
LEADER 00948nam a22001690004500
035 |a 425 
041 0 |a spa 
245 1 0 |a Proyecto de decreto, que contiene las bases, ó, Principios fundamentales de la Constitucion Política del Perú 
260 |a Mexico : impreso en Guadalajara y reimpreso en la imprenta del Supremo Gobierno, 1823. 
300 |a 4 p. ; 4° 
500 |a Texto a renglón seguido. Colofón: Mexico: 1823. Impreso en Guadalajara y reimpreso en la imprenta del Supremo Gobierno. Incluye cabecera de título en grabado xilográfico. Incluye capitular en grabado xilográfico. Características de pliego suelto 
650 1 0 |a Política 
740 0 |a Principios fundamentales de la Constitucion Política del Perú 
949 |a UNICACH, Colección de Víctor Manuel Castillo: 02632-B 
942 |c CHIACASTI 
943 |g Fondo Bibliográfico Antiguo Víctor Manuel Castillo de la Universidad de Ciencias y Artes de Chiapas 
999 |c 1098721  |d 1098721